000 01164nam a22003377a 4500
003 CHAP
005 20220817042049.0
008 971013c19741968 r 00010 d
010 _a33470
011 _a34442
035 _a38558
040 _cCHAP
082 _a338.9
_bC8Y
100 0 0 _aCurrie, Lauchlin.
_930555
245 _aDesarrollo económico acelerado
_b: la necesidad y los medios
260 _aMéxico :
_bFondo de Cultura Económica,
_c1974 (c.1968)
300 _a299 p.
490 _aSección de obras de economía
590 _aBATCH-UPD
_b10
_c20130110
_lUCH01
_h1026
590 _aBATCH-UPD
_b10
_c20130410
_lUCH01
_h0630
590 _aBATCH-UPD
_b10
_c20130914
_lUCH01
_h1149
590 _aCONVERSION
_b10
_c20130109
_lUCH01
_h1319
650 1 4 _aDesarrollo económico.
650 1 4 _aPaíses subdesarrollados
_xCondiciones económicas.
_985152
650 1 4 _aPolítica económica
_xPaíses subdesarrollados.
830 0 _aSección de obras de economía
901 _aBK
942 _cLIBRO
949 _a338.9 C8Y
_bBC
_cLIBRO
_d33724000416491
_eLIBRO
_fc.2
_h44383
_i38558
_si
949 _a338.9 C8Y
_bBC
_cLIBRO
_d33724000417812
_eLIBRO
_h40245
_i38558
_si
999 _c33470
_d33470